00623nam a2200193Ia 4500008004100000020001300041082001400054100002500068245006000093250000800153260004100161300002300202500001900225600002700244650002000271942000700291952011600298999001500414240925s9999 xx 000 0 und d a70486581 a519.2 PAP aPapoulis, Athanasios 0aProbability, Random Variables and Stochastic Processes  a4th aNew Delhi:bTata McGraw Hillc,2004. a796p.bNAfPirated aIncludes Index aEngineering Technology aNatural Science cBK 001040708ETaUITUbUITUd2005-02-23eF.B.Cg650.00l0o519.2 PAPpQ6098r2024-09-25 07:14:04w2024-09-25yBK c8597d8597